000 00336nam a22001457a 4500
008 230329b ||||| |||| 00| 0 eng d
020 _a2026245800
041 _aeng
080 _a621
082 _a621AAS
100 _a21
101 _aMEKA
245 _aA POLICY ON GEOMETRIC DESING OF HIGHWAYS AND STREETS
_cAAS
942 _2udc
_cBK
999 _c59475
_d59475